The Emergence of personality /

Bibliographic Details
Other Authors: Aronoff, Joel, Rabin, Albert I., Zucker, Robert A.
Format: Book
Language:English
Published: New York : Springer Pub. Co., [1987]
Series:Michigan State University Henry A. Murray lectures in personality.
Subjects:

MARC

Tag First Indicator Second Indicator Subfields
LEADER 00000cam a2200000 a 4500
001 in00000008090
005 20151002070134.0
008 870331s1987 nyua b 00100 eng d
010 |a  87009640  
020 |a 0826161200 
035 |a (OCoLC)15548596 
035 |9 AAA0445AM 
040 |a DNLM/DLC  |c DLC  |d TXA  |d UtOrBLW 
050 0 0 |a BF698  |b .E58 1987 
060 0 |a BF 698 E53 
082 0 |a 155.2  |2 19 
245 0 4 |a The Emergence of personality /  |c Joel Aronoff, A.I. Rabin, Robert A. Zucker, editors ; [contributors, Arnold Buss [and others]]. 
264 1 |a New York :  |b Springer Pub. Co.,  |c [1987] 
264 4 |c ©1987 
300 |a xiv, 257 pages :  |b illustrations ;  |c 24 cm. 
336 |a text  |b txt  |2 rdacontent 
337 |a unmediated  |b n  |2 rdamedia 
338 |a volume  |b nc  |2 rdacarrier 
490 1 |a Henry A. Murray lectures in personality 
500 |a Revised and extended versions of lectures originally delivered in Apr. 1985. 
504 |a Includes bibliographies and index. 
650 0 |a Personality. 
700 1 |a Aronoff, Joel. 
700 1 |a Rabin, Albert I. 
700 1 |a Zucker, Robert A. 
830 0 |a Michigan State University Henry A. Murray lectures in personality. 
999 |a MARS 
999 f f |s ed3a70b1-a0e6-3170-b972-1f8d486d86b7  |i 3bd35711-de7d-3822-a2f2-78e33282cca2  |t 0 
952 f f |p normal  |a Texas A&M University  |b College Station  |c Sterling C. Evans Library  |d Evans: Library Stacks  |t 0  |e BF698 .E58 1987  |h Library of Congress classification  |i unmediated -- volume  |m A14812563639 
998 f f |a BF698 .E58 1987  |t 0  |l Evans: Library Stacks